Welcome to CU Library Online Public Access Catalogue (OPAC)

Dusk of dawn / (Record no. 9476)

MARC details
000 -LEADER
fixed length control field 00724cam a2200217 i 4500
001 - CONTROL NUMBER
control field 1744758
005 - DATE AND TIME OF LATEST TRANSACTION
control field 20260422135221.0
008 - FIXED-LENGTH DATA ELEMENTS--GENERAL INFORMATION
fixed length control field 750818r19751940nyu 000 0aeng
020 ## - INTERNATIONAL STANDARD BOOK NUMBER
International Standard Book Number 0527253057
020 ## - INTERNATIONAL STANDARD BOOK NUMBER
International Standard Book Number 9780527253059
050 10 - LIBRARY OF CONGRESS CALL NUMBER
Classification number E185.97
Item number .D73 1975
082 00 - DEWEY DECIMAL CLASSIFICATION NUMBER
Classification number 305.8/96073
Edition information 19
100 1# - MAIN ENTRY--PERSONAL NAME
Personal name Du Bois, W. E. B.
Fuller form of name (William Edward Burghardt),
Dates associated with a name 1868-1963.
245 10 - TITLE STATEMENT
Title Dusk of dawn /
Statement of responsibility, etc. W. E. B. DuBois ; new introd. by Herbert Aptheker.
260 ## - PUBLICATION, DISTRIBUTION, ETC.
Place of publication, distribution, etc. Millwood, N.Y. :
Name of publisher, distributor, etc. Kraus-Thomson Organization,
Date of publication, distribution, etc. [1975]
300 ## - PHYSICAL DESCRIPTION
Extent 16, viii, 334 p. ;
Dimensions 24 cm.
500 ## - GENERAL NOTE
General note Reprint of the 1940 ed. published by Harcourt, Brace, New York.
500 ## - GENERAL NOTE
General note Includes index.
650 #0 - SUBJECT ADDED ENTRY--TOPICAL TERM
Topical term or geographic name entry element African Americans.
942 ## - ADDED ENTRY ELEMENTS (KOHA)
Source of classification or shelving scheme Library of Congress Classification
Koha item type Books
Suppress in OPAC No
999 ## -
-- 9476
-- 9476
Holdings
Withdrawn status Lost status Source of classification or shelving scheme Damaged status Not for loan Collection Home library Current library Shelving location Date acquired Total checkouts Full call number Barcode Date last seen Price effective from Koha item type
    Library of Congress Classification     Non-fiction Main Library (Kumasi) Main Library (Kumasi) General stacks 04/22/2026   E185.97.D73A323 ANT bssk00000152 04/22/2026 04/22/2026 Books
© 2023-2024 Copyright: Central University Libraries. All Rights Reserved | Created by: Mahone Tech Office